000 00684nam a2200289Ia 4500
005 20260324153256.0
008 008 260324s9999 xx 000 0 eng d
020 _a9780323912402
037 _aEBOOK
040 _aCRL
040 _beng
040 _cCRL
041 _2eng
041 _aeng
084 _qCRL
100 _aWS Lakra
_91231053
245 0 _aFrontiers in Aquaculture Biotechnology
260 _bElsevier
260 _c2023
650 _a Food Sciences
650 _aAgricultural
650 _aBiological
856 _uhttps://www.sciencedirect.com/science/book/9780323912402
942 _cEBOOK
999 _c1842395
_d1842395